La vida familiar en la jurisprudencia del Tribunal Europeo de Derechos Humanos: Una interpretacin̤ constructiva

Detalles Bibliográficos
Autor principal: Sales i Jard,̕ Merc̈
Formato: Libro
Lenguaje:español
Publicado: Barcelona J.M. Bosch Editor 2015
Materias:
Acceso en línea:Acceso restringido

MARC

LEADER 00000nam a22000007a 4500
005 20160519141234.0
007 cr|||| ||u|
008 160519s2015 spa||||| |||| 00||0 spa d
020 |a 978-84-944059-7-6 
035 |a 1421 
040 |a vLex 
090 |c 6082  |d 6082 
100 1 |a Sales i Jard,̕ Merc̈ 
245 |a La vida familiar en la jurisprudencia del Tribunal Europeo de Derechos Humanos: Una interpretacin̤ constructiva  |h [Recurso electrn̤ico] /  |c Merc ̈Sales i Jard ̕ 
256 |a Servicio en ln̕ea 
260 |a Barcelona  |b J.M. Bosch Editor  |c 2015 
300 |a 1 recurso electrn̤ico 
506 1 |a Contenido solo disponible en los productos indicados  |d vLex Global  |d vLex Global (Academic Edition, excluding Law Schools)  |d vLex Global (U.S. Academic Edition, Law Schools)  |d vLex Global (U.S. Academic Edition, excluding Law Schools)  |d vLex Global (Academic Edition, Law Schools) 
650 0 4 |a Derecho  |z Barcelona 
740 0 |a vLex libros (servicio en ln̕ea)  
856 0 4 |u http://vlex.com/source/vida-familiar-jurisprudencia-tribunal-europeo-derechos-humanos-14219  |z Acceso restringido 
942 |c BOOK 
999 0 |a Law  |b Barcelona